Statistics for Europe Map Quiz 20 Random Countries

Click here to take the quiz!

General Stats

  • This quiz has been taken 356 times
  • The average score is 18 of 20

Answers on the Map

Answers color-coded by a green-red scale on the quiz's map according to % correct below.
 

Answer Stats

Answer% Correct
spain
100%
germany
96%
england
95%
ireland
95%
italy
95%
russia
95%
switzerland
95%
vatican
95%
poland
94%
greece
92%
sweden
92%
finland
91%
iceland
91%
norway
91%
romania
91%
serbia
91%
ukraine
91%
austria
90%
belarus
90%
denmark
90%
lithuania
90%
portugal
90%
estonia
86%
hungary
86%
france
85%

Score Distribution

Percentile by Number Answered

Percent of People with Each Score

Your Score History

You have not taken this quiz